Diez minutos con un lápiz pueden salvarle la vida!
Publicado:
Barcelona :
Diputación Provincial de Barcelona. Servicio Provincial de Prevención y Extinción de Incendios. Departamento de Prevenció ,
1976
Descripción Física:
1 f. : il. ; 30 cm
Materias:
Incendis -- Prevenció -- Formularis
MARC
| LEADER | 00000nam a2200000Ia 4500 | ||
|---|---|---|---|
| 001 | 19287 | ||
| 003 | BGR | ||
| 005 | 20260324180139.0 | ||
| 008 | 160829s1976 xx 000 0 cat d | ||
| 080 | |a FU-3-44 | ||
| 245 | |a Diez minutos con un lápiz pueden salvarle la vida! | ||
| 260 | |a Barcelona : |b Diputación Provincial de Barcelona. Servicio Provincial de Prevención y Extinción de Incendios. Departamento de Prevenció, |c 1976 | ||
| 300 | |a 1 f. : |b il. ; |c 30 cm | ||
| 590 | |a Al vers del foli: Lugares de peligro a revisar. | ||
| 590 | |a Prové de Q-172 | ||
| 650 | |a Incendis |x Prevenció |x Formularis |9 47813 | ||
| 710 | 1 | |a Barcelona (Catalunya : Província). |b Diputació |9 52408 | |
| 901 | |a Arxiu | ||
| 942 | |n 1 |2 udc |c MON | ||
| 952 | |0 0 |1 0 |4 0 |6 FU344 |7 1 |9 54130 |a Arxiu |b Arxiu |d 2016-12-01 |l 0 |o FU-3-44 |p 19287 |r 2016-12-01 00:00:00 |w 2016-12-01 |y ARXIU | ||
| 999 | |c 57999 |d 57999 | ||